000 01080cam a2200289 a 4500
999 _c232633
_d232633
001 14576513
003 Nust
005 20170221162547.0
008 060929s2007 nyu 000 1 eng
010 _a 2006032223
015 _aGBA6A5868
_2bnb
016 7 _a013629209
_2Uk
020 _a978-0007276608
020 _a0007276605
035 _a(OCoLC)ocm71842660
040 _aDLC
_cDLC
_dBAKER
_dUKM
_dC#P
_dYDXCP
_dYDX
_dBTCTA
_dVP@
_dDLC
050 0 0 _aPS3558.O537
_bK55 2007
082 0 0 _a813.54
_bHOO
100 1 _aHood, Ann,
_d1956-
245 1 4 _aThe knitting circle /
_cAnn Hood.
250 _a1st ed.
260 _aNew York :
_bW.W. Norton,
_c2008.
300 _a426 p. ;
_c22 cm.
650 0 _aFemale friendship
_vFiction.
650 0 _aKnitting
_xTherapeutic use
_vFiction.
906 _a7
_bcbc
_corignew
_d1
_eecip
_f20
_gy-gencatlg
942 _2ddc
_cBK